| 000 | 01020cam a22003134a 4500 | ||
|---|---|---|---|
| 008 | |||
| 020 | _a9780443100239 (pbk. ) | ||
| 049 | _aMAIN | ||
| 050 | 1 | 0 |
_aRJ370 _b.DAV |
| 100 | 1 | _aDavies, Joanna H. | |
| 245 | 1 | 0 |
_aChildren in intensive care : _ba survival guide / _cJoanna H. Davies [and] Lynda L. Hassell. |
| 250 | _a2nd ed. | ||
| 260 |
_aEdinburgh : _bChurchill Livingstone, _c2007. |
||
| 300 |
_axvii, 278 p. : _bcol. ill. ; _c19 cm. |
||
| 500 | _aIncludes index. | ||
| 504 | _aIncludes bibliographical references. | ||
| 650 | 0 |
_aPediatric intensive care _vHandbooks, manuals, etc. |
|
| 650 | 0 |
_aPediatric nursing _vHandbooks, manuals, etc. |
|
| 650 | 1 | 2 |
_aIntensive Care _vHandbooks. |
| 650 | 1 | 2 |
_aPediatric Nursing _vHandbooks. |
| 650 | 2 | 2 | _aChild. |
| 650 | 2 | 2 |
_aCritical Illness _xnursing _vHandbooks. |
| 700 | 1 | _aHassell, Lynda L. | |
| 907 |
_a.b10331608 _b05-06-13 _c03-06-13 |
||
| 003 | |||
| 005 | 20230120204124.0 | ||
| 040 | _cNUST | ||
| 942 | _cBOOKS | ||
| 999 |
_c117528 _d117528 |
||